| 000 | 00489nam a22001697a 4500 | ||
|---|---|---|---|
| 003 | SISC | ||
| 005 | 20160622102530.0 | ||
| 008 | 160622b xxu||||| |||| 00| 0 eng d | ||
| 020 | _a9789814626736 | ||
| 050 | _aPE 1408 .L3182 2015 | ||
| 245 |
_aEnglish skills with readings / _cJohn Langan. |
||
| 250 | _a9th ed. | ||
| 260 |
_aNY, USA : _bMcGraw-Hill Education _c2015 |
||
| 300 |
_axxviii, 704 p. : _bcol. ill. ; _c24 cm. |
||
| 650 | _aEnglish language--Rhetoric. | ||
| 942 |
_2lcc _cBK |
||
| 999 |
_c296179 _d296179 |
||